Statistics for The Legend of Zelda Decoder

Click here to take the quiz!

General Stats

  • This quiz has been taken 168 times
  • The average score is 20 of 30

Answer Stats

HintAnswer% Correct
HintTTriangle artifact convoted by both protagonists and antagonistsTriforce
97%
HintGEvil warlord turned demon king, main antagonistGanondorf
94%
HintOFirst 3D game in the seriesOcarina of Time
91%
HintEEmblematic horse of the seriesEpona
90%
HintAEmblematic projectile which can be "ice", "fire", "bomb", "silver",...Arrow
89%
HintNConsole of the two first games in the seriesNES
89%
HintRCurrency in the gamesRupee
89%
HintSPrincess Zelda, disguised as a SheikahSheik
89%
HintNJapanese company owner of the seriesNintendo
86%
HintHMain region of these adventuresHyrule
84%
HintISheikah, elder of Kakariko VillageImpa
83%
HintDFatherly guardian of the forestDeku Tree
82%
HintGMushroom enemy from Mario series, present in Link's AwakeningGoomba
77%
HintSFighting game series featuring many Zelda charactersSuper Smash Bros.
77%
HintSCreature wearing the Majora's MaskSkull Kid
76%
HintTMain means of transport in this gameTrain
72%
HintOFirst word of the title of two of the Game Boy gamesOracle
70%
HintOOctopus-like monster, recurring enemyOctorok
68%
HintUGerudo Chief and ChampionUrbosa
67%
HintTMap merchant with floating with a red balloonTingle
66%
HintLProviding illumination in dark dungeonsLantern
52%
QuoteQuoteIt's dangerous to go alone! Take this.
48%
HintELink's occupation in Spirit TracksEngineer
41%
HintASNES episodeA Link to the Past
40%
HintETime periods in the chronology of Zelda universeEras
39%
HintKIsland in Link's AwakeningKoholint Island
35%
HintOBird guiding Link in his quest in Link's AwakeningOwl
34%
HintAFigures that are one of the runes in Breath of the WildAmiibo
32%
HintIWhere the iron boots are hidden and the Serenade of Water taughtIce Cavern
26%
HintTCreator of the series, with Shigeru MiyamotoTakashi Tezuka
12%

Score Distribution

Percentile by Number Answered

Percent of People with Each Score

Your Score History

You have not taken this quiz